Manejo de marcas Representaciones Mundiales S. A / (Registro nro. 7765)

000 -CABECERA
Campo de control de longitud fija 00706nam a22001817a 4500
008 - CAMPO FIJO DE DESCRIPCIÓN FIJA--INFORMACIÓN GENERAL
Campo de control de longitud fija 140717b2009 ho ||||| |||| 00| 0 spa d
090 ## - CAMPOS LOCALES
Signatura local (OCLC) ; Signatura sin dividir, número de libro, CALL (RLIN) 00065
Número de clasificación (OCLC) ; Número de clasificación,LLAMADA (RLIN) MKT 2005
100 ## - ENCABEZAMIENTO PRINCIPAL--NOMBRE PERSONAL
9 (RLIN) 57
Nombre de persona Zuniga Zepeda, Dinora Roxana
245 ## - TÍTULO PROPIAMENTE DICHO
Título Manejo de marcas Representaciones Mundiales S. A /
Mención de responsabilidad, etc. Dinora Roxana Zuniga Zepeda
260 ## - PUBLICACIÓN, DISTRIBUCIÓN, ETC (PIE DE IMPRENTA)
Lugar de publicación, distribución, etc. Honduras, San Pedro Sula :
Nombre del editor, distribuidor, etc. Universidad de San Pedro Sula,
Fecha de publicación, distribución, etc. 2005.
300 ## - DESCRIPCIÓN FÍSICA
Extensión 37 p.
500 ## - NOTA GENERAL
Nota general Monografía en Bodega
502 ## - NOTA DE TESIS
Programa Académico Licenciatura en Mercadotecnia /
Nombre de la institución que otorga el título Universidad de San Pedro Sula.
650 ## - ASIENTO SECUNDARIO DE MATERIA--TÉRMINO DE MATERIA
Nombre de materia o nombre geográfico como elemento de entrada MERCADOTECNIA
Fuente del encabezamiento o término LEMB
9 (RLIN) 501
650 ## - ASIENTO SECUNDARIO DE MATERIA--TÉRMINO DE MATERIA
Nombre de materia o nombre geográfico como elemento de entrada MANEJO DE MARCAS
9 (RLIN) 348
650 ## - ASIENTO SECUNDARIO DE MATERIA--TÉRMINO DE MATERIA
Nombre de materia o nombre geográfico como elemento de entrada REPRESENTACIONES MUNDIALES
9 (RLIN) 88
942 ## - ELEMENTOS KOHA
Fuente de clasificación o esquema de ordenación en estanterías
Koha tipo de item Monografía
Parte de Clasificación 00065 MKT 2005
Existencias
Disponibilidad Ejemplar Colección Fecha de Descarte Fecha última consulta Signatura completa Mostrar en OPAC Localización permanente Tipo de Descarte Formato de Material Asignatura Código de barras Fuente de clasificación o esquema Estado Localización actual Fecha adquisición
NULLEj. 1Hemeroteca2016-06-302014-10-0800065 MKT 2005 Biblioteca Central DesactualizadoPapelUSAP11253 Sin préstamoBiblioteca Central 2014-10-08
NULLEj. 2Hemeroteca2016-06-302014-10-0800065 MKT 2005 Biblioteca Central DesactualizadoPapelUSAP11254 Sin préstamoBiblioteca Central 2014-10-08

Campus Universitario - Ave. Circunvalación - San Pedro Sula, Honduras, C.A. / Tel: +504 2561.8777 / Fax: +504 2561.8787 / Email: info@usap.edu
Todos los Derechos Reservados. © MMXIII Universidad de San Pedro Sula